01189cam a2200265 a 4500001001000000003000900010005001700019008004100036020001500077040002500092082002200117100002300139245010000162260007800262300003500340490005800375500009200433504007400525546002800599651005800627651005800685651006100743651006000804651005900864000007607DO-SdBNP20231109082303.0050208s2004 mx ab b i000 0 spa  a9686384693 aDO-SdBNPbspacBNPHU 4a330.98bS586c2221 aSilva, Hérnan A.10aLos caminos del MERCOSUR :bhistoria económica regional, etapa colonial /cHérnan A. Silva. aMéxico :bInstituto Panamericano de Geografía e Historia, OEA,c2004. a480 p. :bil., mapas ;c23 cm.1 aInstituto Panamericano de Geografía e Historiav531 a"Instituto Panamericano de Geografía e Historia. Comisión de Historia"--T.p. verso. aIncluye referencias bibliográficas y notas al pie de las páginas. aSpanish and Portuguese. 4aAmérica Del SurxCondiciones económicasySiglo XX 4aAmérica del SurxCondiciones económicasySiglo XX 4aAmérica del SurxCondiciones económicasySiglo XVIII 4aAmérica del SurxCondiciones económicasySiglo XVII 4aAmérica Del SurxCondiciones económicasySiglo XVI